000 00525nam a2200181Ia 4500
001 7738
005 20260306160517.0
008 260306t2001||||xx |||||||||||||| ||spa||
041 _aESP
082 _a328.378
_bD89
100 _aDonayre Pasquel, Patricia, 1971-
_eAUT
245 0 _aLos decretos legislativos en el Perú:
_bsobre su control y su aplicación en el Perú y en la legislación comparada
260 _c2001
300 _a332 páginas :
_c23 cm.
650 _aGEN
654 _aCDE
942 _cLIB
_dJUS
_fJUS
_2ddc
_n
999 _c7738
_d7738